| 000 | 00800cam a2200265 a 4500 | ||
|---|---|---|---|
| 008 | 790719s19xx9999enka e 000 0 eng | ||
| 010 | _a 79308928 | ||
| 020 |
_a0460040987 : _c{u2122}œ15.00 |
||
| 040 |
_aDLC _cDLC _dDLC |
||
| 050 | 0 | 0 |
_aAE5 _b.E85 |
| 092 | 0 | 4 |
_a032 _bE936 1978 Ref. _221 |
| 099 |
_a04 _a032 E936 1978 Ref. |
||
| 245 | 0 | 0 |
_aEveryman's encyclopaedia / _cedited by D. A. Girling. |
| 250 | _a6th ed. | ||
| 260 |
_aLondon : _bDent; _c1978. |
||
| 300 |
_a12 v. : _bill. ; _c26 cm. |
||
| 500 | _aFirst ed. published in 1913-1914 under title: The Everyman encyclopaedia. | ||
| 590 | _aLibrary Have v.5 only | ||
| 650 | 0 | _aEncyclopedias and dictionaries. | |
| 700 | 1 | _aGirling, D. A. | |
| 902 | _a1 | ||
| 905 |
_aIbrahim _eRev. |
||
| 905 |
_aJamal _eCat. |
||
| 942 |
_2ddc _cREF |
||
| 999 |
_c105094 _d105094 |
||